Sports Quiz

Random Sports or State Quiz

Most Popular NHL Team in Each State Quiz Stats

Quiz not verified by Sporcle

Challenge
Share
Tweet
Embed
Score 0/50 Timer 10:00
2 Plays Today
Question Answer Wrong Answers
Colorado Colorado Avalanche
99%
St Louis Blues
0%
Arizona Coyotes
0%
Los Angeles Kings
0%
Arizona Arizona Coyotes
98%
Colorado Avalanche
1%
Los Angeles Kings
1%
Dallas Stars
0%
Michigan Detroit Red Wings
95.1%
Columbus Blue Jackets
0%
Toronto Maple Leafs
0%
Chicago Blackhawks
1%
Texas Dallas Stars
95.1%
Arizona Coyotes
0%
Colorado Avalanche
0%
St Louis Blues
0%
Minnesota Minnesota Wild
94.1%
Chicago Blackhawks
2%
Winnipeg Jets
0%
Calgary Flames
0%
South Carolina Carolina Hurricanes
93.1%
Nashville Predators
2%
Florida Panthers
0%
Tampa Bay Lightning
1%
New York New York Rangers
93.1%
New York Islanders
0%
New Jersey Devils
0%
Buffalo Sabres
2.9%
North Carolina Carolina Hurricanes
92.2%
Washington Capitals
1%
Nashville Predators
2%
Columbus Blue Jackets
1%
Tennessee Nashville Predators
92.2%
Carolina Hurricanes
1%
St Louis Blues
1%
Columbus Blue Jackets
1%
Missouri St Louis Blues
92.2%
Chicago Blackhawks
3.9%
Dallas Stars
0%
Colorado Avalanche
0%
Illinois Chicago Blackhawks
92.2%
St Louis Blues
4.9%
Detroit Red Wings
0%
Columbus Blue Jackets
0%
Massachusetts Boston Bruins
90.2%
New York Islanders
2%
Montreal Canadiens
2%
Buffalo Sabres
2%
New Jersey New Jersey Devils
89.2%
New York Rangers
3.9%
New York Islanders
1%
Philadelphia Flyers
2%
California Los Angeles Kings
88.2%
Arizona Coyotes
0%
San Jose Sharks
6.9%
Anaheim Ducks
3.9%
Washington Vancouver Canucks
87.3%
San Jose Sharks
2.9%
Los Angeles Kings
2.9%
Calgary Flames
2%
Ohio Columbus Blue Jackets
85.3%
Pittsburgh Penguins
2.9%
Detroit Red Wings
4.9%
Chicago Blackhawks
2.9%
Wyoming Colorado Avalanche
82.4%
Edmonton Oilers
5.9%
Los Angeles Kings
4.9%
Arizona Coyotes
2%
Virginia Washington Capitals
81.4%
Carolina Hurricanes
6.9%
Philadelphia Flyers
4.9%
Pittsburgh Penguins
2%
South Dakota Minnesota Wild
80.4%
Winnipeg Jets
2%
Chicago Blackhawks
9.8%
St Louis Blues
3.9%
Vermont Boston Bruins
80.4%
New York Rangers
8.8%
Buffalo Sabres
3.9%
Ottawa Senators
2%
New Hampshire Boston Bruins
79.4%
Montreal Canadiens
2.9%
Ottawa Senators
2.9%
New York Rangers
10.8%
Rhode Island Boston Bruins
79.4%
New York Rangers
9.8%
New York Islanders
5.9%
New Jersey Devils
1%
Maryland Washington Capitals
79.4%
Philadelphia Flyers
10.8%
Pittsburgh Penguins
2%
Carolina Hurricanes
3.9%
Maine Boston Bruins
75.5%
Montreal Canadiens
9.8%
New York Rangers
7.8%
Ottawa Senators
2.9%
Utah Colorado Avalanche
72.5%
Arizona Coyotes
8.8%
San Jose Sharks
2%
Los Angeles Kings
11.8%
Oklahoma Dallas Stars
68.6%
Colorado Avalanche
12.7%
Arizona Coyotes
0%
St Louis Blues
14.7%
Nevada Los Angeles Kings
66.7%
Colorado Avalanche
7.8%
Arizona Coyotes
14.7%
Anaheim Ducks
6.9%
North Dakota Minnesota Wild
63.7%
Colorado Avalanche
18.6%
Winnipeg Jets
11.8%
Edmonton Oilers
2%
Alabama Nashville Predators
61.8%
Tampa Bay Lightning
15.7%
Carolina Hurricanes
10.8%
Florida Panthers
11.8%
Kentucky Nashville Predators
60.8%
Chicago Blackhawks
14.7%
Carolina Hurricanes
2%
Columbus Blue Jackets
18.6%
Mississippi Nashville Predators
58.8%
Dallas Stars
20.6%
Carolina Hurricanes
2.9%
St Louis Blues
13.7%
Louisiana Dallas Stars
58.8%
Nashville Predators
26.5%
St Louis Blues
7.8%
Edmonton Oilers
2.9%
Indiana Chicago Blackhawks
57.8%
Columbus Blue Jackets
14.7%
Pittsburgh Penguins
2.9%
Detroit Red Wings
21.6%
Montana Colorado Avalanche
55.9%
Edmonton Oilers
12.7%
Calgary Flames
5.9%
Minnesota Wild
21.6%
Pennsylvania Philadelphia Flyers
54.9%
Pittsburgh Penguins
40.2%
Buffalo Sabres
0%
New Jersey Devils
1%
Iowa Chicago Blackhawks
53.9%
St Louis Blues
8.8%
Minnesota Wild
31.4%
Winnipeg Jets
2%
West Virginia Pittsburgh Penguins
51%
Columbus Blue Jackets
2.9%
Washington Capitals
34.3%
Philadelphia Flyers
6.9%
Nebraska Colorado Avalache
48%
St Louis Blues
20.6%
Minnesota Wild
8.8%
Chicago Blackhawks
18.6%
Delaware Philadelphia Flyers
48%
Washington Capitals
31.4%
New Jersey Devils
15.7%
Pittsburgh Penguins
2.9%
Wisconsin Minnesota Wild
41.2%
Chicago Blackhawks
36.3%
Detroit Red Wings
13.7%
Winnipeg Jets
3.9%
Oregon Vancouver Canucks
40.2%
Los Angeles Kings
17.6%
San Jose Sharks
33.3%
Colorado Avalanche
4.9%
Florida Florida Panthers
37.3%
Tampa Bay Lightning
58.8%
Nashville Predators
2%
Winnipeg Jets
0%
Arkansas St Louis Blues
37.3%
Dallas Stars
25.5%
Nashville Predators
30.4%
Chicago Blackhawks
6.9%
Connecticut New York Rangers
36.3%
Boston Bruins
52.9%
New York Islanders
7.8%
Montreal Canadiens
2%
Alaska Detroit Red Wings
27.5%
Vancouver Canucks
62.7%
New York Rangers
2%
Los Angeles Kings
7.8%
Georgia Nashville Predators
26.5%
Winnipeg Jets
23.5%
Florida Panthers
14.7%
Carolina Hurricanes
33.3%
Hawaii Anaheim Ducks
22.5%
Los Angeles Kings
54.9%
San Jose Sharks
15.7%
Boston Bruins
4.9%
New Mexico Colorado Avalanche
14.7%
Dallas Stars
21.6%
Arizona Coyotes
54.9%
Los Angeles Kings
4.9%
Idaho Los Angeles Kings
12.7%
Vancouver Canucks
24.5%
Colorado Avalanche
44.1%
Calgary Flames
16.7%
Kansas Colorado Avalanche
10.8%
Dallas Stars
5.9%
St Louis Blues
67.6%
Chicago Blackhawks
11.8%

You're not logged in!

Compare scores with friends on all Sporcle quizzes.
Sign Up with Email
OR
Log In

You Might Also Like...

Show Comments

Extras

Top Quizzes Today


Score Distribution

Your Account Isn't Verified!

In order to create a playlist on Sporcle, you need to verify the email address you used during registration. Go to your Sporcle Settings to finish the process.